000 00352nam a2200157Ia 4500
008 230917s9999||||xx |||||||||||||| ||und||
020 _cRS48
040 _e20710
_aMAIN
041 _aEnglish
082 _a512.5 H117L
100 _aHadley, G
245 0 _aLinear algebra
260 _aNew Delhi
_bNarosa
_c1987
300 _aix, 290 p.
942 _cBK
999 _c61003
_d61003